| 000 | 01273nam a2200277Ia 4500 | ||
|---|---|---|---|
| 999 |
_c5079 _d5079 |
||
| 003 | OSt | ||
| 005 | 20200515141706.0 | ||
| 008 | 191128s1992 ck a gr 000 0dspa d | ||
| 040 |
_aCO-JMCR _cCO-JMCR |
||
| 041 | 0 | _aspa | |
| 082 | 0 | 4 |
_a309.016 / _bD271i _223 |
| 100 | 1 |
_aDesai, Meghnad, _eautor _94385 |
|
| 245 | 1 | 0 |
_aÍndice de progreso social : _buna propuesta / _cMeghnad Desai, Amartya Sen, Julio Boltvinik |
| 260 |
_aBogotá : _bPrograma de las Naciones Unidas para el Desarrollo, _c1992 |
||
| 300 |
_a101 páginas : _b tablas ; _c23 cm. |
||
| 490 | 0 | _aProyecto regional para la superación de la pobreza en América Latina y el Caribe RLA/86/004 | |
| 504 | _aIncluye bibliografía. | ||
| 505 | _aUna visión panóramica -- Progreso y deficit social : algunas cuestiones metodólogicas -- Hacia un indicador alternativo de desarrollo -- Bienestar y pobreza : propuesta para un índice de progreso social | ||
| 650 | 1 | 4 |
_aDesarrollo social _xPaíses en desarrollo _94386 |
| 650 | 2 | 4 |
_aDesarrollo social _zAmérica Latina _94387 |
| 650 | 2 | 4 |
_aDesarrollo social _zCaribe (Región, Colombia) _94388 |
| 650 | 2 | 4 |
_aCambio social _xPaíses en desarrollo _94389 |
| 700 | 1 |
_aSen, Amartya, _eautora _92522 |
|
| 700 | 1 |
_aBoltvinik, Julio, _eautor _94390 |
|
| 942 |
_2ddc _cBK |
||